LEADER 01718nam0-22003851i-450- 001 990004746210403321 005 20111108151555.0 035 $a000474621 035 $aFED01000474621 035 $a(Aleph)000474621FED01 035 $a000474621 100 $a19990604g18631877km-y0itay50------ba 101 0 $aita 102 $aIT 105 $ay---n---001yy 200 1 $aStatuti senesi scritti in volgare ne' secoli 13. e 14. e pubblicati secondo i testi del R. Archivio di Stato in Siena 210 $aBologna$cpresso G. Romagnoli$d1863-1877 215 $a3 v.$d25 cm 327 1 $a1.: Statuto del Comune di Montagutolo. Statuto dell'arte dei carnajuoli di Siena. Statuto dell'arte della lana di Siena / per cura di Filippo-Luigi Polidori. - 1863$a2.: Statuto della Gabella di Siena - Statuto della società del Padule d'Orgia - Statuto dell'arte della lana di Radicondoli [...] / per cura di Luciano Banchi. - 1871$a3.: Statuto dello Spedale di Siena / per cura di Luciano Banchi. - 1877 610 0 $aSiena $aStatuti$aSec.13.-14. 610 0 $aSiena$aArchivio di Stato$aStatuti 676 $a342.455 676 $a348.4558 702 1$aBanchi,$bLuciano 702 1$aPolidori,$bFilippo Luigi$f<1801-1865> 710 02$aArchivio di Stato di Siena$0136490 801 0$aIT$bUNINA$gRICA$2UNIMARC 901 $aBK 912 $a990004746210403321 952 $aSG 300/B 49 (1)$bR. Bibl. 5526/1721$fFLFBC 952 $aSG 300/B 49 (2)$bR. Bibl. 5526/1721$fFLFBC 952 $aSG 300/B 49 (3)$bR. Bibl. 5526/1721$fFLFBC 959 $aFLFBC 996 $aStatuti senesi scritti in volgare ne' secoli 13. e 14. e pubblicati secondo i testi del R. Archivio di Stato in Siena$9559136 997 $aUNINA